[Event "Junior Online 4NCL Division 5"]
[Site "online"]
[Date "2021.03.04"]
[EventDate "2021.03.04"]
[Round "4.205"]
[White "Querfurth Waterman, Tal"]
[WhiteElo "858"]
[WhiteTeam "Eden Primary Bishops"]
[Black "Varea, Benjamin"]
[BlackElo "1278"]
[BlackTeam "Dragon Kings 1"]
[Result "0-1"]
[PlyCount "56"]

1. e4 c6 2. Bc4 d5 3. exd5 cxd5 4. Bb5+ Bd7 5. Bxd7+ Nxd7 6. Nc3 e6 7. Nf3 Bd6 8. d3 Ngf6 9. Bg5 Qe7 10. Nb5 h6 11. Be3 a6 12. Nxd6+ Qxd6 13. Qd2 Ng4 14. Bf4 e5 15. Bg3 h5 16. Nd4 h4 17. Nf5 Qf6 18. Bxh4 Qxf5 19. Bg3 O-O-O 20. Qc3+ Kb8 21. d4 Qe4+ 22. Kf1 Ka8 23. Re1 Qxd4 24. Qc7 Qc4+ 25. Kg1 Qxc7 26. h4 Qxc2 27. h5 Ndf6 28. Bxe5 Qxf2# 0-1

[Event "Junior Online 4NCL Division 5"]
[Site "online"]
[Date "2021.03.04"]
[EventDate "2021.03.04"]
[Round "4.206"]
[White "Schmidt, Eoin"]
[WhiteElo "1045"]
[WhiteTeam "Dragon Kings 1"]
[Black "Marks, Rory"]
[BlackElo "914"]
[BlackTeam "Eden Primary Bishops"]
[Result "1-0"]
[PlyCount "61"]

1. e4 e5 2. Nf3 Nc6 3. Bc4 Bc5 4. Nc3 Nf6 5. d3 O-O 6. Bg5 h6 7. Bh4 d6 8. Nd5 Bg4 9. Nxf6+ gxf6 10. c3 Bxf3 11. Qxf3 Kg7 12. Bxf6+ Kg6 13. Bxd8 Raxd8 14. Qg3+ Kh7 15. O-O f5 16. exf5 Rxf5 17. d4 exd4 18. Bd3 Rf8 19. Bxf5+ Rxf5 20. cxd4 Bxd4 21. Qd3 Kg6 22. g4 Bxb2 23. Qxf5+ Kg7 24. Rab1 Be5 25. g5 h5 26. Rxb7 Ne7 27. Rxc7 Kg8 28. Rxe7 Bxh2+ 29. Kxh2 h4 30. Qh7+ Kf8 31. Qf7# 1-0

[Event "Junior Online 4NCL Division 5"]
[Site "online"]
[Date "2021.03.04"]
[EventDate "2021.03.04"]
[Round "4.207"]
[White "Zabary, Yoav"]
[WhiteElo "929"]
[WhiteTeam "Eden Primary Bishops"]
[Black "Varea, Gabriel"]
[BlackElo "955"]
[BlackTeam "Dragon Kings 1"]
[Result "0-1"]
[PlyCount "52"]

1. e4 e5 2. Nf3 Nc6 3. d4 exd4 4. Nxd4 Bc5 5. Nxc6 bxc6 6. Bc4 Ne7 7. b3 d5 8. exd5 cxd5 9. Bxd5 Nxd5 10. Qe2+ Be6 11. O-O O-O 12. Bb2 Qg5 13. Nd2 Nf4 14. g3 Nxe2+ 15. Kg2 Bd5+ 16. f3 Qxd2 17. Rad1 Qe3 18. Rxd5 Bd4 19. Bxd4 Nxd4 20. Re5 Qd2+ 21. Kh3 Rfe8 22. Rd5 Re6 23. g4 Rh6+ 24. Kg3 Ne2+ 25. Kg2 Nf4+ 26. Kg1 Qg2# 0-1

[Event "Junior Online 4NCL Division 5"]
[Site "online"]
[Date "2021.03.04"]
[EventDate "2021.03.04"]
[Round "4.208"]
[White "Tipton, Oliver"]
[WhiteElo "880"]
[WhiteTeam "Dragon Kings 1"]
[Black "Groshong, Olivia"]
[BlackElo "850"]
[BlackTeam "Eden Primary Bishops"]
[Result "1-0"]
[PlyCount "43"]

1. d4 d5 2. e3 e6 3. Bd3 Bd6 4. Nf3 Nf6 5. Nc3 Nc6 6. O-O O-O 7. Bd2 Bd7 8. Qe2 Nb4 9. Rfc1 Nxd3 10. cxd3 Ng4 11. h3 Nf6 12. e4 dxe4 13. dxe4 c5 14. e5 Bxe5 15. dxe5 Nd5 16. Nxd5 exd5 17. Rxc5 Bc6 18. Nd4 Rc8 19. e6 Qe8 20. Qg4 fxe6 21. Nxe6 Rf6 22. Qxg7# 1-0

[Event "Junior Online 4NCL Division 5"]
[Site "online"]
[Date "2021.03.04"]
[EventDate "2021.03.04"]
[Round "4.211"]
[White "Arora, Bukkan"]
[WhiteElo "1000"]
[WhiteTeam "Surrey Kings 3"]
[Black "Sheehy, Lewis"]
[BlackElo "1076"]
[BlackTeam "Manchester Juniors F"]
[Result "0-1"]
[PlyCount "56"]

1. d4 Nf6 2. Nc3 g6 3. e4 d6 4. Nf3 Bg7 5. Bf4 O-O 6. Bc4 Nc6 7. d5 Nb4 8. O-O c6 9. a3 Na6 10. Qd2 Nc5 11. Rfe1 Qb6 12. Rab1 Nh5 13. Be3 Nf6 14. Bxc5 Qxc5 15. b4 Qxc4 16. Rb3 cxd5 17. exd5 Bf5 18. Rxe7 Rfe8 19. Rxb7 a5 20. bxa5 Rxa5 21. R7b6 Nxd5 22. Rxd6 Nxc3 23. Rxc3 Bxc3 24. Qh6 Bg7 25. Qd2 Qxc2 26. Qxa5 Qc1+ 27. Ne1 Qxe1+ 28. Qxe1 Rxe1# 0-1

[Event "Junior Online 4NCL Division 5"]
[Site "online"]
[Date "2021.03.04"]
[EventDate "2021.03.04"]
[Round "4.212"]
[White "Pearson, Matt D"]
[WhiteElo "1035"]
[WhiteTeam "Manchester Juniors F"]
[Black "Flanders, William"]
[BlackElo "907"]
[BlackTeam "Surrey Kings 3"]
[Result "1-0"]
[PlyCount "41"]

1. e4 e5 2. Nf3 Qe7 3. Bc4 c6 4. c3 g6 5. O-O Nf6 6. Bb3 Bg7 7. c4 b5 8. cxb5 cxb5 9. a3 Nxe4 10. Nc3 Nxc3 11. dxc3 e4 12. Nd4 Bxd4 13. cxd4 Qh4 14. Bd5 Nc6 15. Qc2 f5 16. Bxc6 dxc6 17. Qxc6+ Bd7 18. Qxa8+ Ke7 19. Qxh8 Bc6 20. h3 Qg5 21. Bxg5+ 1-0

[Event "Junior Online 4NCL Division 5"]
[Site "online"]
[Date "2021.03.04"]
[EventDate "2021.03.04"]
[Round "4.213"]
[White "Salguero, Santiago"]
[WhiteElo "927"]
[WhiteTeam "Surrey Kings 3"]
[Black "Govindu, Aashrith Reddy"]
[BlackElo "989"]
[BlackTeam "Manchester Juniors F"]
[Result "0-1"]
[PlyCount "20"]

1. e4 e5 2. Nf3 Nc6 3. Bc4 Bc5 4. Nc3 Nf6 5. d3 d6 6. Ng5 O-O 7. Nd5 Bg4 8. f3 Nxd5 9. Bxd5 Qf6 10. fxg4 Qf2# 0-1

[Event "Junior Online 4NCL Division 5"]
[Site "online"]
[Date "2021.03.04"]
[EventDate "2021.03.04"]
[Round "4.214"]
[White "Meredith, George"]
[WhiteElo "949"]
[WhiteTeam "Manchester Juniors F"]
[Black "Peverett, Kian"]
[BlackElo "925"]
[BlackTeam "Surrey Kings 3"]
[Result "0-1"]
[PlyCount "68"]

1. e4 c5 2. Nc3 Nc6 3. Nf3 g6 4. Bb5 Bg7 5. Bxc6 bxc6 6. O-O d6 7. d3 Nf6 8. Bg5 O-O 9. e5 dxe5 10. Nxe5 h6 11. Bxf6 Bxf6 12. Nxc6 Qc7 13. Qf3 Bb7 14. Nd5 Qd7 15. Nxf6+ exf6 16. Qxf6 Qxc6 17. Qxc6 Bxc6 18. Rfe1 Rfe8 19. Rf1 Re2 20. Rac1 Rae8 21. h3 f5 22. a4 Bxa4 23. b3 Bc6 24. c3 g5 25. b4 cxb4 26. cxb4 Bb5 27. d4 R2e4 28. d5 Bxf1 29. Rxf1 Re1 30. d6 Rxf1+ 31. Kxf1 Rd8 32. g4 fxg4 33. hxg4 Rxd6 34. b5 Rb6 0-1

[Event "Junior Online 4NCL Division 5"]
[Site "online"]
[Date "2021.03.04"]
[EventDate "2021.03.04"]
[Round "4.215"]
[White "Sheehy, Lewis"]
[WhiteElo "1076"]
[WhiteTeam "Manchester Juniors F"]
[Black "Arora, Bukkan"]
[BlackElo "1000"]
[BlackTeam "Surrey Kings 3"]
[Result "1-0"]
[PlyCount "77"]

1. d4 d5 2. Bf4 Nc6 3. e3 Bf5 4. c4 e6 5. cxd5 exd5 6. Nc3 Bb4 7. a3 Bxc3+ 8. bxc3 Nf6 9. Nf3 O-O 10. Bd3 Bxd3 11. Qxd3 Re8 12. O-O Qd7 13. Ne5 Ne7 14. Nxd7 Rad8 15. Nxf6+ gxf6 16. Bxc7 Rc8 17. Bd6 Nf5 18. Qxf5 Rxc3 19. Qxf6 Rc6 20. Qg5+ Kh8 21. Be5+ Rxe5 22. Qxe5+ Kg8 23. Qe8+ Kg7 24. g3 Re6 25. Qxe6 fxe6 26. Rab1 Kf6 27. Rxb7 Kf5 28. Rxh7 Ke4 29. Rxa7 Kd3 30. Ra6 Ke4 31. Rxe6+ Kf3 32. Re5 Ke2 33. Rxd5 Kf3 34. Re1 Ke4 35. Re5+ Kd3 36. a4 Kc4 37. a5 Kb4 38. Rc1 Ka4 39. Rb5 1-0

[Event "Junior Online 4NCL Division 5"]
[Site "online"]
[Date "2021.03.04"]
[EventDate "2021.03.04"]
[Round "4.216"]
[White "Flanders, William"]
[WhiteElo "907"]
[WhiteTeam "Surrey Kings 3"]
[Black "Pearson, Matt D"]
[BlackElo "1035"]
[BlackTeam "Manchester Juniors F"]
[Result "0-1"]
[PlyCount "102"]

1. e4 e5 2. Nf3 Nc6 3. Bc4 Bc5 4. Ng5 Qxg5 5. d3 Qg6 6. h4 Qxg2 7. Rf1 Bb4+ 8. c3 Bc5 9. d4 exd4 10. cxd4 Bxd4 11. Qh5 g6 12. Qh6 a5 13. Be3 Bxe3 14. fxe3 Qc2 15. Bxf7+ Ke7 16. Qg5+ Kd6 17. Rf6+ Nxf6 18. Qxf6+ Kc5 19. Qd4+ Nxd4 20. exd4+ Kxd4 21. Na3 Qxb2 22. Rd1+ Kc3 23. Nb1+ Kc2 24. Rd2+ Kxb1 25. Rxb2+ Kxb2 26. e5 Rf8 27. Bc4 a4 28. Ke2 Ra5 29. Ke3 Rxe5+ 30. Kd4 Rff5 31. Kd3 Rf4 32. Kd2 Rxc4 33. Kd3 Rec5 34. Ke3 Rd5 35. Ke2 Re4+ 36. Kf3 Rde5 37. Kf2 Rf5+ 38. Kg3 Ref4 39. Kh3 h6 40. Kg3 Rxh4 41. Kxh4 Kxa2 42. Kg4 Kb3 43. Kh4 Kc4 44. Kg4 Kd4 45. Kh4 Ke4 46. Kh3 Kf3 47. Kh4 Kf2 48. Kh3 Kf3 49. Kh2 Rg5 50. Kh1 Kf2 51. Kh2 Rh5# 0-1

[Event "Junior Online 4NCL Division 5"]
[Site "online"]
[Date "2021.03.04"]
[EventDate "2021.03.04"]
[Round "4.217"]
[White "Govindu, Aashrith Reddy"]
[WhiteElo "989"]
[WhiteTeam "Manchester Juniors F"]
[Black "Salguero, Santiago"]
[BlackElo "927"]
[BlackTeam "Surrey Kings 3"]
[Result "1-0"]
[PlyCount "49"]

1. e4 Nf6 2. Nc3 e5 3. Nf3 Nc6 4. Bc4 Bc5 5. O-O d6 6. Ne1 Ng4 7. Nf3 Bxf2+ 8. Rxf2 Nxf2 9. Kxf2 Bg4 10. h3 Bh5 11. g4 Bg6 12. h4 Nd4 13. Nxd4 exd4 14. Qf3 dxc3 15. Qxc3 O-O 16. h5 Bxe4 17. b4 Qh4+ 18. Ke2 Qxg4+ 19. Ke1 Qg2 20. Bb2 Bf3 21. Qe3 Qh1+ 22. Kf2 Qxa1 23. Bxa1 Bxh5 24. Qc3 b5 25. Qxg7# 1-0

[Event "Junior Online 4NCL Division 5"]
[Site "online"]
[Date "2021.03.04"]
[EventDate "2021.03.04"]
[Round "4.218"]
[White "Peverett, Kian"]
[WhiteElo "925"]
[WhiteTeam "Surrey Kings 3"]
[Black "Meredith, George"]
[BlackElo "949"]
[BlackTeam "Manchester Juniors F"]
[Result "1-0"]
[PlyCount "47"]

1. e4 e5 2. Nf3 Nc6 3. d4 Bb4+ 4. c3 Bd6 5. d5 Nce7 6. c4 Nf6 7. Nc3 O-O 8. Be3 Bb4 9. Be2 Bxc3+ 10. bxc3 d6 11. Qd3 Bg4 12. h3 Bxf3 13. Bxf3 c5 14. g4 b6 15. h4 a6 16. g5 Ne8 17. h5 b5 18. h6 Ng6 19. hxg7 Nxg7 20. Qf1 bxc4 21. Qh3 h5 22. Bxh5 f6 23. Bxg6 fxg5 24. Qh7# 1-0

[Event "Junior Online 4NCL Division 5"]
[Site "online"]
[Date "2021.03.04"]
[EventDate "2021.03.04"]
[Round "4.221"]
[White "Simmons, Keaton"]
[WhiteElo "925"]
[WhiteTeam "Edgware Gambits K"]
[Black "Cream, Toby"]
[BlackElo "1250"]
[BlackTeam "King's Cross Kings"]
[Result "1-0"]
[PlyCount "163"]

1. e4 e5 2. Nf3 Nc6 3. Bb5 d6 4. Bxc6+ bxc6 5. O-O Nf6 6. Nc3 Be7 7. d3 O-O 8. Bg5 h6 9. Bxf6 Bxf6 10. a3 Bg4 11. h3 Bxf3 12. Qxf3 Bg5 13. b4 Qf6 14. Qxf6 Bxf6 15. g4 Bg5 16. f3 Be3+ 17. Kg2 Bd2 18. Nd1 Rab8 19. Nf2 Bc3 20. Rac1 Rb6 21. Nd1 Bd4 22. c3 Bxc3 23. Nxc3 Rb7 24. Ne2 f6 25. Rxc6 Rc8 26. Nc3 Rb6 27. Rxb6 cxb6 28. Nd5 Rc2+ 29. Kg3 Kf7 30. a4 Rd2 31. Rf2 Rxd3 32. Nc7 Ra3 33. a5 bxa5 34. bxa5 Rxa5 35. Rc2 Rc5 36. Rxc5 dxc5 37. Kf2 Ke7 38. Nb5 a6 39. Na3 Kd6 40. Ke3 Kc6 41. Kd3 Kb6 42. Kc4 Kc6 43. Nc2 a5 44. h4 g5 45. hxg5 fxg5 46. Ne3 a4 47. Nf5 a3 48. Kb3 Kb5 49. Kxa3 Kc4 50. Nxh6 Kb5 51. Nf5 c4 52. Kb2 Kb4 53. Ne3 c3+ 54. Kc2 Kc5 55. Kxc3 Kd6 56. Kd3 Ke6 57. Nc4 Kf6 58. Ke3 Ke6 59. Nd2 Kf6 60. Nf1 Kg6 61. Nh2 Kf6 62. Nf1 Ke6 63. Nd2 Kf6 64. Nc4 Ke6 65. Nb6 Kf6 66. Nd7+ Ke6 67. Nc5+ Kf6 68. Nd3 Ke6 69. f4 gxf4+ 70. Nxf4+ exf4+ 71. Kxf4 Kf6 72. e5+ Kf7 73. g5 Kf8 74. Kf5 Kf7 75. e6+ Kf8 76. g6 Kg7 77. e7 Kg8 78. e8=Q+ Kg7 79. Qf7+ Kh6 80. g7 Kh7 81. g8=Q+ Kh6 82. Qgg6# 1-0

[Event "Junior Online 4NCL Division 5"]
[Site "online"]
[Date "2021.03.04"]
[EventDate "2021.03.04"]
[Round "4.222"]
[White "Cohen, Zac"]
[WhiteElo "950"]
[WhiteTeam "King's Cross Kings"]
[Black "Subramonian, Ananya"]
[BlackElo "796"]
[BlackTeam "Edgware Gambits K"]
[Result "0-1"]
[PlyCount "46"]

1. e4 e5 2. Nf3 Nc6 3. Nc3 Nf6 4. Bc4 Nxe4 5. Nxe4 d5 6. Ng1 dxc4 7. Qf3 Be7 8. Qe2 Be6 9. d3 cxd3 10. cxd3 O-O 11. Be3 Bd5 12. f3 Bb4+ 13. Kd1 Bc4 14. b3 Bxd3 15. Qxd3 Qxd3+ 16. Bd2 Ne7 17. Nh3 Nf5 18. Nhf2 Qd4 19. Ke1 Qxa1+ 20. Ke2 Nd4+ 21. Ke3 Bxd2+ 22. Kxd2 Qb2+ 23. Ke1 Qe2# 0-1

[Event "Junior Online 4NCL Division 5"]
[Site "online"]
[Date "2021.03.04"]
[EventDate "2021.03.04"]
[Round "4.223"]
[White "Tchernitser, David"]
[WhiteElo "843"]
[WhiteTeam "Edgware Gambits K"]
[Black "Revilla, Guillem"]
[BlackElo "950"]
[BlackTeam "King's Cross Kings"]
[Result "0-1"]
[PlyCount "30"]

1. e4 e6 2. Nf3 d5 3. d4 dxe4 4. Bd3 exf3 5. Qxf3 Bb4+ 6. c3 Bd6 7. O-O Nf6 8. d5 Be7 9. dxe6 O-O 10. exf7+ Rxf7 11. Qh3 Bd6 12. f3 Bxh3 13. Bxh7+ Nxh7 14. Rd1 Qg5 15. Rd4 Qxg2# 0-1

[Event "Junior Online 4NCL Division 5"]
[Site "online"]
[Date "2021.03.04"]
[EventDate "2021.03.04"]
[Round "4.224"]
[White "Lew, Elisha"]
[WhiteElo "1000"]
[WhiteTeam "King's Cross Kings"]
[Black "Trim, Xanthe"]
[BlackElo "775"]
[BlackTeam "Edgware Gambits K"]
[Result "0-1"]
[PlyCount "38"]

1. g3 d5 2. Bg2 e6 3. b3 Bc5 4. d3 Nf6 5. e3 O-O 6. Bb2 e5 7. a4 Bg4 8. f3 Bh5 9. g4 Bg6 10. Bxe5 Nc6 11. h4 Nxe5 12. h5 Bxd3 13. cxd3 Bxe3 14. Nh3 c6 15. f4 Nexg4 16. Qe2 Re8 17. Qc2 Qa5+ 18. Kf1 Nxh5 19. Ng5 Ng3# 0-1

[Event "Junior Online 4NCL Division 5"]
[Site "online"]
[Date "2021.03.04"]
[EventDate "2021.03.04"]
[Round "4.225"]
[White "Cream, Toby"]
[WhiteElo "1250"]
[WhiteTeam "King's Cross Kings"]
[Black "Simmons, Keaton"]
[BlackElo "925"]
[BlackTeam "Edgware Gambits K"]
[Result "1-0"]
[PlyCount "107"]

1. e4 e5 2. Nf3 Nc6 3. Bc4 Bc5 4. d3 Nf6 5. O-O O-O 6. Bg5 d6 7. Nc3 Bg4 8. Bd5 Bxf3 9. Qxf3 h6 10. Bh4 Bd4 11. Bxc6 Bxc3 12. Bxb7 Bxb2 13. Bxa8 Bxa1 14. Rxa1 Qxa8 15. Bxf6 gxf6 16. Qxf6 Qe8 17. Qxh6 Qe6 18. Qxe6 fxe6 19. g3 Rb8 20. h4 Rb2 21. Kg2 Rxc2 22. Kf3 d5 23. exd5 exd5 24. Ke3 d4+ 25. Ke4 Rxf2 26. Kxe5 c5 27. Kd5 Rf5+ 28. Kc4 a5 29. Rb1 Kf7 30. Rb5 Ke6 31. Rxc5 Rxc5+ 32. Kxc5 Ke5 33. g4 Kf4 34. Kxd4 Kxg4 35. Ke4 Kxh4 36. d4 Kg5 37. Ke5 Kg6 38. d5 Kf7 39. a4 Ke7 40. d6+ Kd7 41. Kd5 Ke8 42. Ke6 Kd8 43. d7 Kc7 44. Ke7 Kb6 45. d8=Q+ Kc5 46. Qxa5+ Kc4 47. Qb5+ Kc3 48. a5 Kd4 49. a6 Ke4 50. a7 Ke3 51. a8=Q Kf2 52. Qa3 Kg2 53. Qbb2+ Kh1 54. Qaa1# 1-0

[Event "Junior Online 4NCL Division 5"]
[Site "online"]
[Date "2021.03.04"]
[EventDate "2021.03.04"]
[Round "4.227"]
[White "Revilla, Guillem"]
[WhiteElo "950"]
[WhiteTeam "King's Cross Kings"]
[Black "Tchernitser, David"]
[BlackElo "843"]
[BlackTeam "Edgware Gambits K"]
[Result "1-0"]
[PlyCount "39"]

1. e4 e5 2. Bc4 Bb4 3. Nf3 Bxd2+ 4. Bxd2 d6 5. O-O Bg4 6. Bg5 Bxf3 7. Qxf3 Qxg5 8. Qxf7+ Kd8 9. Be6 Qxg2+ 10. Kxg2 Nf6 11. Nc3 Nxe4 12. Nxe4 g5 13. Nxg5 h6 14. Ne4 h5 15. Nf6 h4 16. Rae1 h3+ 17. Kh1 Nd7 18. Nxd7 c6 19. Nb6 axb6 20. Qd7# 1-0

[Event "Junior Online 4NCL Division 5"]
[Site "online"]
[Date "2021.03.04"]
[EventDate "2021.03.04"]
[Round "4.228"]
[White "Trim, Xanthe"]
[WhiteElo "775"]
[WhiteTeam "Edgware Gambits K"]
[Black "Lew, Elisha"]
[BlackElo "1000"]
[BlackTeam "King's Cross Kings"]
[Result "1-0"]
[PlyCount "65"]

1. d4 d5 2. c3 c6 3. Bg5 f6 4. Bh4 g5 5. Bg3 h5 6. e3 h4 7. Bxb8 Rxb8 8. Nf3 g4 9. Nfd2 Nh6 10. Bd3 Bd7 11. O-O Bg7 12. Qc2 f5 13. e4 fxe4 14. Nxe4 dxe4 15. Bxe4 Nf7 16. Bg6 Rh6 17. Nd2 Qc7 18. Nc4 g3 19. fxg3 hxg3 20. Rxf7 gxh2+ 21. Kh1 e6 22. Rxg7+ Kf8 23. Rf7+ Kg8 24. Rf6 b5 25. Ne5 Kg7 26. Rf7+ Kg8 27. Rxd7 Qb6 28. Rd6 Kf8 29. Rxe6 Qb7 30. Nxc6 Rc8 31. Ne7 Rc7 32. Qf2+ Kg7 33. Qf6# 1-0

[Event "Junior Online 4NCL Division 5"]
[Site "online"]
[Date "2021.03.04"]
[EventDate "2021.03.04"]
[Round "4.231"]
[White "Anchan, Arjun"]
[WhiteElo "940"]
[WhiteTeam "Maidenhead Juniors 6"]
[Black "Penderis, Jasper"]
[BlackElo "900"]
[BlackTeam "The Hall 4"]
[Result "0-1"]
[PlyCount "154"]

1. e4 e5 2. Nf3 Nc6 3. Bc4 Bc5 4. O-O Nf6 5. d3 O-O 6. a3 d6 7. h3 h6 8. Nc3 a6 9. Ba2 Bb6 10. Qe1 Qe8 11. Nh2 Be6 12. Bxe6 Qxe6 13. Be3 Bxe3 14. Qxe3 Nd4 15. Qd2 Qd7 16. Ne2 Nxe2+ 17. Qxe2 Qb5 18. c4 Qa4 19. Qd2 Nd7 20. Qc3 Nc5 21. b4 Nb3 22. Rab1 Nd4 23. Kh1 Ne2 24. Qb2 Nd4 25. Ng4 Nc2 26. Qb3 Qxb3 27. Rxb3 Nd4 28. Rb2 Rfe8 29. Ne3 Re6 30. Nd5 Rc8 31. Kg1 Kf8 32. Ne3 c6 33. Rc1 Rg6 34. c5 Re8 35. cxd6 Rxd6 36. Nc4 Rg6 37. g4 Rg5 38. Nb6 Rd8 39. Nc4 Nf3+ 40. Kf1 Rxd3 41. Ke2 Rd7 42. Kxf3 Rg6 43. Nxe5 Rf6+ 44. Kg3 Rd4 45. f3 Rfd6 46. Rc4 f6 47. Rxd4 Rxd4 48. f4 fxe5 49. fxe5 Rxe4 50. Rf2+ Kg8 51. Re2 Rxe2 52. Kf3 Rxe5 53. Kf4 Re1 54. Kf3 Rh1 55. Kg2 Ra1 56. Kf2 Rxa3 57. Ke2 Rb3 58. Kd2 Rxb4 59. Kc3 Rb1 60. Kc2 Rh1 61. Kc3 Rxh3+ 62. Kc4 Rh4 63. Kc5 Rxg4 64. Kb6 Rb4+ 65. Kc7 c5 66. Kd6 c4 67. Kd5 c3 68. Ke5 c2 69. Kd6 c1=Q 70. Kd5 Qc4+ 71. Ke5 Qe4+ 72. Kd6 Qf5 73. Kc7 Qc5+ 74. Kd7 Rd4+ 75. Ke6 Rd6+ 76. Ke7 Qc7+ 77. Ke8 Rd8# 0-1

[Event "Junior Online 4NCL Division 5"]
[Site "online"]
[Date "2021.03.04"]
[EventDate "2021.03.04"]
[Round "4.232"]
[White "Mason, Laith"]
[WhiteElo "900"]
[WhiteTeam "The Hall 4"]
[Black "Dasgupta, Soumyajit"]
[BlackElo "927"]
[BlackTeam "Maidenhead Juniors 6"]
[Result "1-0"]
[PlyCount "49"]

1. e4 e5 2. Nf3 Nc6 3. Nc3 Nf6 4. Bc4 Bc5 5. d3 d6 6. Bg5 h6 7. Bxf6 Qxf6 8. h3 O-O 9. O-O Be6 10. Bxe6 Qxe6 11. Nb5 Qd7 12. b4 Nxb4 13. Nc3 Nc6 14. d4 exd4 15. Nd5 Qe8 16. Nxc7 Qxe4 17. Nxa8 Rxa8 18. Re1 Qf5 19. Qb1 Bb6 20. a4 Rb8 21. Rd1 Qf6 22. c4 Ne7 23. a5 Bc5 24. a6 bxa6 25. Qxb8+ 1-0

[Event "Junior Online 4NCL Division 5"]
[Site "online"]
[Date "2021.03.04"]
[EventDate "2021.03.04"]
[Round "4.233"]
[White "Paw, Henry"]
[WhiteElo "873"]
[WhiteTeam "Maidenhead Juniors 6"]
[Black "Boucard, Noam"]
[BlackElo "900"]
[BlackTeam "The Hall 4"]
[Result "0-1"]
[PlyCount "134"]

1. e4 c6 2. d4 d5 3. exd5 cxd5 4. Nf3 Nf6 5. Bb5+ Nc6 6. Nc3 a6 7. Bxc6+ bxc6 8. O-O Bg4 9. h3 Bxf3 10. Qxf3 e6 11. Bg5 Be7 12. Rfe1 h6 13. Bxf6 Bxf6 14. Rad1 O-O 15. b3 c5 16. dxc5 Qa5 17. a4 Bxc3 18. Re3 Bf6 19. Re2 Qxc5 20. c3 Bxc3 21. Qe3 Qxe3 22. Rxe3 Ba5 23. Rc1 Bd2 24. Rc2 Bxe3 25. fxe3 Rfc8 26. Rf2 Rc3 27. g4 Rxe3 28. h4 Rxb3 29. g5 hxg5 30. hxg5 Rg3+ 31. Kh2 Rxg5 32. a5 d4 33. Rd2 Rxa5 34. Rxd4 Ra2+ 35. Kg3 a5 36. Rh4 Rb8 37. Kg4 Rg2+ 38. Kh5 f6 39. Ra4 Rb4 40. Rxa5 Rg5+ 41. Rxg5 fxg5 42. Kxg5 Re4 43. Kg6 Re1 44. Kg5 e5 45. Kf5 e4 46. Kf4 g5+ 47. Kxg5 e3 48. Kf4 e2 49. Kf3 Ra1 50. Kxe2 Kf7 51. Ke3 Ke6 52. Ke4 Ra4+ 53. Kf3 Ke5 54. Ke3 Ra3+ 55. Kd2 Kd4 56. Ke2 Rb3 57. Kf2 Ke4 58. Kg2 Kf4 59. Kh2 Kg4 60. Kg2 Rb2+ 61. Kf1 Kf3 62. Ke1 Rh2 63. Kd1 Ke3 64. Kc1 Kd3 65. Kb1 Kc3 66. Ka1 Kb3 67. Kb1 Rh1# 0-1

[Event "Junior Online 4NCL Division 5"]
[Site "online"]
[Date "2021.03.04"]
[EventDate "2021.03.04"]
[Round "4.234"]
[White "Lonberg, Christian"]
[WhiteElo "900"]
[WhiteTeam "The Hall 4"]
[Black "Patel, Thanuj"]
[BlackElo "850"]
[BlackTeam "Maidenhead Juniors 6"]
[Result "1-0"]
[PlyCount "21"]

1. e4 e5 2. Nf3 Nc6 3. Bc4 Nf6 4. Ng5 Bb4 5. Nxf7 Qe7 6. Nxh8 Qf8 7. Nf7 Qxf7 8. Bxf7+ Kxf7 9. Nc3 Nd4 10. O-O d6 11. Nd5 1-0

[Event "Junior Online 4NCL Division 5"]
[Site "online"]
[Date "2021.03.04"]
[EventDate "2021.03.04"]
[Round "4.235"]
[White "Penderis, Jasper"]
[WhiteElo "900"]
[WhiteTeam "The Hall 4"]
[Black "Anchan, Arjun"]
[BlackElo "940"]
[BlackTeam "Maidenhead Juniors 6"]
[Result "1-0"]
[PlyCount "55"]

1. e4 b6 2. Nf3 Bb7 3. Nc3 e6 4. Bc4 Bb4 5. d3 Bxc3+ 6. bxc3 d6 7. Be3 Nf6 8. O-O O-O 9. h3 Nc6 10. a4 a5 11. Bb5 Qe8 12. c4 Ba6 13. Bxc6 Qxc6 14. Nd4 Qe8 15. Qf3 c5 16. Ne2 Qd8 17. Qg3 g6 18. Bg5 Kg7 19. Qh4 h5 20. Nf4 e5 21. Nd5 Qc7 22. Nxc7 Rac8 23. Bxf6+ Kg8 24. Nxa6 Rc6 25. Qg5 Kh7 26. g4 hxg4 27. Qh4+ Kg8 28. Qh8# 1-0

[Event "Junior Online 4NCL Division 5"]
[Site "online"]
[Date "2021.03.04"]
[EventDate "2021.03.04"]
[Round "4.236"]
[White "Dasgupta, Soumyajit"]
[WhiteElo "927"]
[WhiteTeam "Maidenhead Juniors 6"]
[Black "Mason, Laith"]
[BlackElo "900"]
[BlackTeam "The Hall 4"]
[Result "0-1"]
[PlyCount "26"]

1. e4 e5 2. Nf3 Nc6 3. Bc4 Nf6 4. Nc3 Bc5 5. d3 d6 6. Bg5 Bg4 7. O-O Nd4 8. h3 Nxf3+ 9. gxf3 Bxh3 10. Re1 h6 11. Bxf6 Qxf6 12. Nd5 Qg5+ 13. Kh1 Qg2# 0-1

[Event "Junior Online 4NCL Division 5"]
[Site "online"]
[Date "2021.03.04"]
[EventDate "2021.03.04"]
[Round "4.237"]
[White "Boucard, Noam"]
[WhiteElo "900"]
[WhiteTeam "The Hall 4"]
[Black "Paw, Henry"]
[BlackElo "873"]
[BlackTeam "Maidenhead Juniors 6"]
[Result "1-0"]
[PlyCount "37"]

1. e4 e5 2. Nf3 Nc6 3. Bb5 Bc5 4. O-O d6 5. d4 exd4 6. Nxd4 Nf6 7. Nxc6 bxc6 8. Bxc6+ Bd7 9. Bxa8 Qxa8 10. Nc3 O-O 11. Re1 Bg4 12. Qd3 Bb4 13. Bd2 Re8 14. a3 Bxc3 15. Bxc3 d5 16. e5 Nd7 17. Qg3 Bh5 18. e6 fxe6 19. Qxg7# 1-0

[Event "Junior Online 4NCL Division 5"]
[Site "online"]
[Date "2021.03.04"]
[EventDate "2021.03.04"]
[Round "4.241"]
[White "Mallia, Luca"]
[WhiteElo "922"]
[WhiteTeam "Surrey Kings 5"]
[Black "Rajdev, Vamika"]
[BlackElo "1150"]
[BlackTeam "Young Dragons C"]
[Result "0-1"]
[PlyCount "70"]

1. e4 c5 2. Nc3 Nf6 3. Nf3 a6 4. Bc4 e6 5. d3 d5 6. exd5 exd5 7. Bb5+ Bd7 8. Bxd7+ Nbxd7 9. Bf4 d4 10. Ne2 Nb6 11. Qd2 Nbd5 12. Be5 Bd6 13. Qf4 O-O 14. Qf5 Re8 15. O-O Bxe5 16. Nxe5 Qd6 17. Rfe1 Rxe5 18. Qf3 Nh5 19. c4 Nb4 20. Ng3 Nc2 21. Rad1 Nxe1 22. Rxe1 Rxe1+ 23. Nf1 Nf6 24. Qxb7 Qd8 25. h3 Qb8 26. Qc6 h6 27. Qxc5 Ra7 28. Qxd4 Rb7 29. g4 Rxb2 30. Qc3 Rd1 31. Kg2 Rxa2 32. Ne3 Rdd2 33. Nf1 Rxf2+ 34. Kg1 Qb1 35. Qd4 Qxf1# 0-1

[Event "Junior Online 4NCL Division 5"]
[Site "online"]
[Date "2021.03.04"]
[EventDate "2021.03.04"]
[Round "4.242"]
[White "Swartz, Edward RG"]
[WhiteElo "1013"]
[WhiteTeam "Young Dragons C"]
[Black "Baker, Luke"]
[BlackElo "909"]
[BlackTeam "Surrey Kings 5"]
[Result "1/2-1/2"]
[PlyCount "69"]

1. e4 e5 2. Nf3 Nc6 3. Bb5 Nf6 4. Nc3 Bb4 5. d3 Nd4 6. Ba4 O-O 7. Nxe5 d6 8. Nf3 Bg4 9. h3 Bxf3 10. gxf3 Qe7 11. Be3 c5 12. a3 Rac8 13. axb4 cxb4 14. Nd5 Nxd5 15. exd5 Nxc2+ 16. Bxc2 Rxc2 17. Qxc2 Re8 18. O-O-O a5 19. Rde1 b5 20. Kb1 a4 21. Bg5 Qf8 22. Qc6 Rxe1+ 23. Rxe1 h6 24. Re8 Qxe8 25. Qxe8+ Kh7 26. Bf4 a3 27. bxa3 bxa3 28. Qxb5 a2+ 29. Kxa2 g6 30. Qd7 g5 31. Bxd6 Kg6 32. Be5 Kh5 33. Qxf7+ Kh4 34. Qf5 Kh5 35. Bg3 1/2-1/2

[Event "Junior Online 4NCL Division 5"]
[Site "online"]
[Date "2021.03.04"]
[EventDate "2021.03.04"]
[Round "4.243"]
[White "Fairrie, Ralph"]
[WhiteElo "916"]
[WhiteTeam "Surrey Kings 5"]
[Black "Hoccom, Sebastian"]
[BlackElo "1040"]
[BlackTeam "Young Dragons C"]
[Result "0-1"]
[PlyCount "75"]

1. e4 e5 2. Nc3 Nf6 3. Bc4 Nc6 4. d3 Bb4 5. Nf3 h6 6. Be3 O-O 7. g4 Bxc3+ 8. bxc3 Nxg4 9. Nh4 Nxe3 10. fxe3 Qxh4+ 11. Kd2 d6 12. Rg1 Qf2+ 13. Kc1 Qxe3+ 14. Kb1 Qb6+ 15. Bb3 Na5 16. Qg4 Bxg4 17. Rxg4 Nxb3 18. cxb3 Qf2 19. Kc1 Qxh2 20. Rb1 Qxa2 21. Rb2 Qa1+ 22. Rb1 Qxc3+ 23. Kd1 Qxd3+ 24. Kc1 Qf3 25. Rg1 Qe3+ 26. Kb2 Qxe4 27. Rbe1 Qd4+ 28. Ka3 b5 29. Rg3 a5 30. Ka2 a4 31. bxa4 Rxa4+ 32. Kb1 Rfa8 33. Rc1 Ra1+ 34. Kc2 Rxc1+ 35. Kxc1 Qf4+ 36. Kd1 Qxg3 37. Ke2 Ra2+ 38. Kd1 0-1